City Letters Quiz Stats

 Plays Quiz not verified by Sporcle

Challenge
Share
Tweet
Embed
Score 0/50 Timer 09:00
0 Plays Today
First Letter Cities % Correct
ZZagreb, (Croatia)
65.5%
NNew York City, (United States)
62.1%
LLos Angeles, (United States)
51.7%
BBuenos Aires, (Argentina)
48.3%
LLondon, (United Kingdom)
48.3%
BBangkok, (Thailand)
48.3%
PParis, (France)
44.8%
WWarsaw, (Poland)
41.4%
MManila, (Philippines)
37.9%
NNairobi, (Kenya)
37.9%
KKhartoum, (Sudan)
37.9%
HHong Kong, (China)
37.9%
TTokyo, (Japan)
34.5%
YYangon, (Myanmar)
34.5%
LLagos, (Nigeria)
34.5%
JJerusalem, (Israel)
31%
AAmsterdam, (Netherlands)
31%
VVientiane, (Laos)
31%
RReykjavik, (Iceland)
27.6%
PPhnom Penh, (Cambodia)
27.6%
VVatican City, (Vatican)
27.6%
SShanghai, (China)
24.1%
FFrankfurt, (Germany)
24.1%
DDjibouti, (Djibouti)
24.1%
HHavana, (Cuba)
24.1%
First Letter Cities % Correct
KKarachi, (Pakistan)
20.7%
MMexico City, (Mexico)
20.7%
KKyoto, (Japan)
17.2%
DDhaka, (Bangladesh)
17.2%
SSingapore, (Singapore)
17.2%
NNew Orleans, (United States)
17.2%
CCopenhagen, (Denmark)
13.8%
HHo Chi Minh City, (Vietnam)
13.8%
CCincinnati, (United States)
13.8%
CCannes, (France)
13.8%
MMemphis, (United States)
13.8%
MMecca, (Saudi Arabia)
13.8%
RRotterdam, (Netherlands)
10.3%
CChittagong, (Bangladesh)
10.3%
GGeneva, (Switzerland)
10.3%
MMuscat, (Oman)
10.3%
SSuva, (Fiji)
10.3%
BBonn, (Germany)
10.3%
AAleppo, (Syria)
6.9%
SShizuoka, (Japan)
6.9%
SSongkhla, (Thailand)
6.9%
PPort Vila, (Vanuatu)
6.9%
NNicosia, (Cyprus)
6.9%
SStockholm, (Sweden)
6.9%
TTegucigalpa, (Honduras)
6.9%

You're not logged in!

Compare scores with friends on all Sporcle quizzes.
OR
Log In

You Might Also Like...

Show Comments

Extras

Created May 2, 2011ReportNominate
Tags:City Quiz, Letter Quiz, last

Top Quizzes Today


Score Distribution

Your Account Isn't Verified!

In order to create a playlist on Sporcle, you need to verify the email address you used during registration. Go to your Sporcle Settings to finish the process.

Report this User

Report this user for behavior that violates our Community Guidelines.

Details: